| 000 | 00502nam a2200157 a 4500 | ||
|---|---|---|---|
| 008 | 160818s2010 ||||||||||||||||| || u | ||
| 020 | _a9780755344987 | ||
| 050 | _aPR 6112.Y55F55 | ||
| 100 | _aLynn, Matt | ||
| 245 | 1 | 0 |
_aFire force _cBy Matt Lynn |
| 260 |
_aLondon _bHeadline _c2010 |
||
| 300 | _a496 p. | ||
| 350 | _a13.44 | ||
| 650 | _aENGLISH LANGUAGE | ||
| 995 |
_FCBU-MAIN LIBRARY (Kitwe) _I13.44 _M1 _UAVAILABLE _WOct 19, 2016 _ZFiction Collection |
||
| 999 |
_c43520 _d43520 |
||